000 00338 a2200169 4500
001 167592
020 _a
040 _cMagnum
100 _aSantiago, Rogério Zola
240 1 0 _aTerra Brasilis
_lpor
245 1 0 _aTerra Brasilis
300 _a51
362 0 _a1999
440 1 _a
697 _aLITERATURA JUVENIL
942 _cBK
999 _c167592
_d167592